000 00286nam a2200121Ia 4500
100 _aHardy/H.W
942 _cBK
654 _ajig & fixture.
245 _aJig & Fixture Details & units.
260 _bMAchinerys Standard Reference Series
_c2001
082 _a621.992
546 _aENGLISH
999 _c17994
_d17994